000 00600nam a22001937a 4500
005 20170124105916.0
010 _aB-098499
020 _c495.00
_a8187818328
035 _aB-098499
037 _bCen Lib/Ret
040 _aDPL
_bEN
082 _a180.3
_bENC
245 _aEncyclopaedic dictionary of philosophy /
_cedited and complied by Kanika K.
260 _aDelhi
_bLakshay publication
_c2003
270 _aWP-474,1st floor,Shive market Ashok vihar
_bDelhi
_e110052
300 _a264p.
_c21cm (Hb)
650 _aPhilosophy
_vDictionary
_9107099
942 _2ddc
_cEN
_h180.3
_mENC
999 _c122852
_d122852